000
00379nam a22001577a 4500
003
MPLRDC
005
20220104142647.0
008
210129b ||||| |||| 00| 0 eng d
082
_a
448.792 LGY
100
_a
赖耿阳译
245
_a
产业机器人基本原理
_c
260
_a
_b
复汉出版社
_c
1981
300
_b
平
650
_a
机器人
942
_c
BK
_o
448.792 LGY
999
_c
32686
_d
32676